00850nas a2200229Ia 4500001001100000003000900011008004100020040001300061040001300074041001300087100004500100210001700145222001700162245008300179250001100262260005400273501008600327300001600413362004300429500011200472650003600584R020/42812IT-RoPAU151124c99999999xx |||||||||||| ||und|| aIT-RoPAU cIT-RoPAU aITALIANO aTurconi DavidegCodice Aut. SPICS: 301 aGRIFFITHIANA aGriffithiana aGRIFFITHIANA, ANNO 07-N.18/19/20/21 (OTTOBRE 1984)bFinalmente Thomas H. Ince! a1a ed. aGENOVA - UDINEbHUMOUDA A.R. / CINEPOPOLAREc1984 bPaulus - SPICS - Società San Paolo EM (non-commercial uses only)cCopyright2015 a7 p. [7-13] aANNO 007, N.18/19/20/21 (OTTOBRE 1984) aGiornate del Cinema Muto di Pordenone Dedicate a Thomas H. Ince. Riflessioni Sul Regista e Sulla Sua Opera. aCINEMAvPUBBLICAZIONE PERIODICA